01376nam a2200205 a 450000100060000000300090000600800410001502000150005604000280007108200180009910000300011724500600014725000060020726000350021330000090024850508290025765000310108665000260111765000270114320467CO-ViMGA141112s2004 ck r 000 u spa d a9701042395 aCO-ViMGAbspacCO-ViMGA04a658.406 G895d1 aGuizar Montúfar, Rafael10aDesarrollo organizacional : bPrincipios y aplicaciones a2 aMexico : bMcGraw Hill, c2004 a398p aIntroducción general al desarrollo organizacional 3 - - Breve historia de la evolución del desarrollo organizacional en Mexico y LatinoAmérica 25 - - Intervenciones en procesos humanos 149 - - Inverciones tecnoestructurales 203 - - Intervenciones de administración de recursos humanos 263 - - Instalación de objetivos y metas 265 - - Sistemas de recompensas y planeación y desarrollo de carrera 283 - - Administración del estres 301 - - PLaneación de sistemas abiertos y cultura corporativa 313 - - Intervenciones estrategicas 357 - - Administración del cambio estrategico 359 - - Evaluación y práctica del desarrollo organizacional y tendencias futuras 385 - - Tendencias en el ámbito del desarrollo organizacional 387 - - Bibliografía clásica en D.O. 395 - - Modelos Clásicos de D : O : 405 14aADMINISTRACION DE EMPRESAS14aCAMBIO ORGANIZACIONAL14aRENDIMIENTO INDUSTRIAL